Evaluating participatory processes and outcomes of Local Agenda 21 programmes : a case study of the Petaling Jaya and Miri Municipal Councils /
Saved in:
| 主要作者: | |
|---|---|
| 格式: | Thesis 圖書 |
| 語言: | English |
| 出版: |
2007.
|
| 主題: | |
| 標簽: |
添加標簽
沒有標簽, 成為第一個標記此記錄!
|
| LEADER | 01315cam a2200289 a 4500 | ||
|---|---|---|---|
| 001 | u792971 | ||
| 003 | SIRSI | ||
| 005 | 201006091646 | ||
| 008 | 100609s2007 my a t 000 0 eng m | ||
| 040 | |a UMM |d UMK | ||
| 043 | |a a-my-se |a a-my-sr | ||
| 090 | |a JF1338 |b UMP 2007 Har | ||
| 098 | |a JF1338 |b UMP 2007 Har | ||
| 100 | 0 | |a Hardev Kaur. | |
| 245 | 1 | 0 | |a Evaluating participatory processes and outcomes of Local Agenda 21 programmes : |b a case study of the Petaling Jaya and Miri Municipal Councils / |c Hardev Kaur. |
| 260 | |c 2007. | ||
| 300 | |a xiii, 344 leaves : |b ill. ; |c 30 cm. | ||
| 502 | |a Thesis (Ph.D) -- Jabatan Pengajian Pentadbiran dan Politik, Fakulti Ekonomi dan Pentadbiran, Universiti Malaya, 2009. | ||
| 504 | |a Bibliography: Ieaves 290-333. | ||
| 650 | 0 | |a Public administration |z Selangor |z Petaling Jaya. | |
| 650 | 0 | |a Public administration |z Sarawak |z Miri. | |
| 650 | 0 | |a Local government |z Malaysia |x Citizen participation |v Case studies. | |
| 710 | |a Universiti Malaya. |b Jabatan Pengajian Pentadbiran dan Politik. | ||
| 900 | |a ZSA-ZA | ||
| 596 | |a 1 19 | ||
| 999 | |a JF1338 UMP 2007 HAR |w LC |c 1 |i A514407623 |d 12/8/2016 |e 12/8/2016 |f 11/3/2011 |g 1 |l STACKS |m P01UTAMA |n 20 |r Y |s Y |t TESIS |u 10/3/2011 | ||
| 999 | |a JF1338 UMP 2007 HAR |w LC |c 1 |i A513782830 |d 10/8/2011 |f 10/8/2011 |g 1 |l STACKS |m P19KOTA |r Y |s Y |t TESIS |u 10/8/2011 | ||
